00738nam a2200217Ia 4500003000900000008004100009020001800050040001600068080002500084245010000109260003500209300001400244650002300258650002400281650002100305700002800326700003600354942000700390999001500397952010800412IN-BaIIA211028s9999 xx 000 0 eng d a0-12-003810-2 cIIA Library a047.1:539.18bADV-10 0aAdvances in atomic and molecular physicsbvol. 10cedited by D. R. Bates and Immanuel Estermann aNew YorkbAcademic Pressc1974 axi, 347p. a Atomic physics  a Molecular physics aNASA Thesaurus  aBates, D. R., ed.93365 aEstermann, Immanuel., ed.97865 cBK c4755d4755 00104070aBANbBANcGENd1975-09-16l0o047.1:539.18/ ADV-10p5320r2021-11-05w1975-09-16yBK 35.00